Personnages de Rainbow High - Statistiques

Statistiques générales
  • Ce quiz a été pris 353 fois
  • Le résultat moyen est 21 sur 82
Statistiques - réponses
Hint Réponse % Correct
Rouge Ruby Anderson
94%
Vert Jade Hunter
87%
Jaune Sunny Madison
87%
Violet Violet Willow
85%
Arc-en-Ciel Amaya Raine
82%
Orange Poppy Rowan
81%
Bleu Skyler Bradshaw
75%
Rose Bella Parker
68%
Éclipse Luna Madison
46%
Holographique Avery Styles
45%
Fuchsia Stella Monroe
45%
Argent Ash Silverstone
33%
Bleu Glace Gabriella Icely
33%
Couleurs Froides Holly De'Vious
30%
Onyx Shanelle Onyx
30%
Vert Néon Karma Nichols
29%
Couleurs Chaudes Laurel De'Vious
29%
Blanc Colombe Natasha Zima
29%
Menthe Daphne Minton
27%
Rose Quartz Sabrina St. Cloud
27%
Sarcelle River Kendall
26%
Violet Nacré Aiden Russel
25%
Iridescent Ainsley Slater
25%
Multicolor Jett Dawson
25%
Vert Olive Olivia Woods
25%
Rose Vif Paris Hilton
25%
Or Rose Finn Rosado
24%
Rose Blush Clair Victoria Whitman
24%
Orchidée Emi Vanda
23%
Pêche Georgia Bloom
23%
Noir et Violet Huilés Naomi Storm
23%
Rouge Rose Daria Roselyn
22%
Indigo Krystal Bailey
22%
Sable Harper Dune
20%
Bordeaux Mila Berrymore
20%
Lavande Rose Minnie Choi
20%
Minuit Reina "Glitch" Crowne
20%
Bleu Pervenche Tessa Park
20%
Lila Tiara Song
20%
Bleu Jean Kim Nguyen
19%
Violet et Noir Huilés Veronica Storm
19%
Blanc Iridescent Dia Mante
18%
Mauve Lila Yamamoto
18%
Orange Néon Michelle St. Charles
18%
Titane Nicole Steel
18%
Levé de Soleil Simone Summers
18%
Bleu Ciel Blue Skye
17%
Bleu de Cobalt Coco Vanderbalt
17%
Bouton d'Or / Buttercup Delilah Fields
17%
Capri Hali Capri
17%
Opale Margot De Perla
17%
Safran Meena Fleur
17%
Arc-en-Ciel et Bleu Foncé Vanessa Tempo
17%
Argenté et Blanc Ayesha Sterling
16%
Gris Heather Grayson
16%
Arc-en-Ciel Pastel Kia Hart
16%
Arc-en-Ciel et Noir Lyric Lucas
16%
Flamant Rose Priscilla Perez
16%
Rose Bonbon Brianna Dulce
15%
Arc-en-Ciel Carmen Major
15%
Émeraude Jewel Richie
15%
Doré Meline Luxe
15%
Couché de Soleil Phaedra Westward
15%
Charbon Rexx McQueen
15%
Bleu d'œuf de Merle Robin Sterling
15%
Multicolor Maria Garcia
14%
Arc-en-Ciel Néon Rainbow Dream
14%
Bleu Néon Uma Van Hoose
14%
Vert Écume de Mer Zooey Electra
14%
Vert Néon Harley Limestone
13%
Rose Glacé Karla Choupette
13%
Violet Iridescent Monique Verbena
13%
Souci Sheryl Meyer
13%
Rose Néon Mara Pinkett
12%
Noir et Doré Marisa Golding
10%
Violet Amethyst Rae
9%
Rouge Pink Lola Wilde
9%
Rose Pink Pixie Rose
8%
Diamant Roxie Grand
8%
Violet Foncé Demi Batista
7%
Bleu Clair Eliza McFee
7%
Lucky Red Lily Cheng
7%
Aucun quiz correspondant
Distribution des résultats
% des personnes avec chaque résultat
Percentile par nombre de réponses
Votre historique - résultats
Vous n’avez pas pris ce quiz